| 000 | 01127cam a2200289 a 4500 | ||
|---|---|---|---|
| 001 | 12608460 | ||
| 003 | OSt | ||
| 005 | 20150408113720.0 | ||
| 008 | 011204s2001 nyua 001 0 eng | ||
| 010 | _a 2001281134 | ||
| 020 | _a007213366X | ||
| 040 |
_aDLC _cDLC _dDLC |
||
| 050 | 0 | 0 |
_aTK5103.4 _b.R45 2001 |
| 082 | 0 | 0 |
_a621.3845 _221 |
| 100 | 1 |
_aReid, Neil P. _95741 |
|
| 245 | 1 | 0 |
_aBroadband fixed wireless networks / _cNeil P. Reid. |
| 260 |
_aNew York : _bMcGraw-Hill/Osborne, _cc2001. |
||
| 300 |
_axx, 411 p. : _bill. ; _c23 cm. |
||
| 500 | _aIncludes index. | ||
| 650 | 0 |
_aWireless communication systems. _95743 |
|
| 650 | 0 |
_aBroadband communication systems. _95745 |
|
| 856 | 4 | 2 |
_3Publisher description _uhttp://www.loc.gov/catdir/description/mh024/2001281134.html |
| 856 | 4 | 1 |
_3Table of contents _uhttp://www.loc.gov/catdir/toc/mh023/2001281134.html |
| 856 | 4 | 2 |
_3Contributor biographical information _uhttp://www.loc.gov/catdir/enhancements/fy0707/2001281134-b.html |
| 942 |
_2ddc _cBOOK |
||
| 999 |
_c526 _d235026 |
||